000 00264nam a2200097Ia 4500
001 696131
005 20250826162007.0
008 250824s9999 xx 000 0 und d
245 0 _aSCHRÖDİNGERİN KEDİSİ 1 (KABUS)/A.ALATLI/EVEREST
_cALEV ALATLI
260 _bEVEREST
999 _c696131
_d696131